| 000 | 00467nam a22001817a 4500 | ||
|---|---|---|---|
| 005 | 20240508160852.0 | ||
| 010 | _aENG-140128, ENG-140129 | ||
| 020 |
_c150.00 _a9781647608897 |
||
| 035 | _aEN-123660, EN-123661 | ||
| 037 | _bDBAD | ||
| 082 | _a881 | ||
| 100 |
_aSahoo, Prabhat Kumar _965975 |
||
| 245 |
_aYour Identity/ _cBy Prabhat Kumar Sahoo |
||
| 250 | _a1 | ||
| 260 | _c2020 | ||
| 300 |
_a116p. _c21cm(pb) |
||
| 942 |
_2ddc _cEN _h881 _mSAH |
||
| 999 |
_c202100 _d202100 |
||